000 00938nas a2200289 4500
001 BR8206071
003 BR-BrBNA
005 20231205085327.0
007 ta
008 230509b bl.|||p| |||| 00| 00por d
040 _aBR-BrBNA
_bpor
_cBiblioteca Nacional de Agricultura
041 _a(Pt)
072 _aP10
100 1 _aEmmerich, W.
100 1 _aCicco, V. de
100 1 _aFaria, A.J.
100 1 _aFujieda, M.
111 1 _aCongresso Nacional sobre Essencias Nativas
_cCampos de Jordao, SP (Brazil)
_d12 Sep 1982
245 1 _aProjeto de pesquisas hidrologicas em floresta natural na reserva estadual de Cunha [Sao Paulo, Brasil]
650 _aHIDROLOGIA
650 _aBACIA HIDROGRAFICA
650 _aCUNHA
650 _aSAO PAULO
773 0 _tSilvicultura em Sao Paulo (Brazil)
_xISSN 0583-3132
_g(1982), v. 16-A(pt. 3) p. 1738-1744
_wBR8206071
909 _a202311
_bLúcia
_c55
_dLúcia Elande
942 _2AGRIS
_n0
_cANA
999 _c110741
_d110741